[Event "Sparkassen-Open A"]
[Site "Heusenstamm, Martinsee"]
[Date "2019.11.22"]
[Round "2.78"]
[White "Blübaum, Johanna"]
[Black "Englert, Fred"]
[Result "1-0"]
[WhiteElo "1981"]
[BlackElo "1820"]
[PlyCount "51"]
[EventDate "2019.??.??"]
[WhiteTeam "SK Marburg"]
[BlackTeam "SK Klingenberg"]

1. d4 d5 2. c4 c6 3. Nc3 Nf6 4. e3 g6 5. Nf3 Bg7 6. Bd3 O-O 7. O-O Nbd7 8. cxd5
cxd5 9. Qb3 e6 10. Bd2 b6 11. Nb5 Ba6 12. Bb4 Re8 13. Nd6 Bxd3 14. Qxd3 Bf8 15.
Nxe8 Bxb4 16. Nxf6+ Nxf6 17. Rac1 Bd6 18. Rc6 Ne4 19. Rfc1 Qd7 20. Qc2 Bc5 21.
Ne5 Qb7 22. dxc5 f6 23. cxb6 fxe5 24. Rc8+ Rxc8 25. Qxc8+ Qxc8 26. Rxc8+ 1-0

[Event "Sparkassen-Open A"]
[Site "Heusenstamm, Martinsee"]
[Date "2019.11.22"]
[Round "2.79"]
[White "Lutterbach, Jakob"]
[Black "Gentner, Markus"]
[Result "0-1"]
[WhiteElo "1707"]
[BlackElo "1979"]
[PlyCount "120"]
[EventDate "2019.??.??"]
[WhiteTeam "SK Bingen"]
[BlackTeam "SC Murrhardt"]

1. e4 c6 2. d4 d5 3. exd5 cxd5 4. Bd3 Nc6 5. c3 Qc7 6. Ne2 Bg4 7. O-O Bxe2 8.
Qxe2 e6 9. Nd2 Bd6 10. Nf3 h6 11. Re1 Nge7 12. Ne5 Nxe5 13. dxe5 Bc5 14. Be3
Bxe3 15. Qxe3 Nc6 16. Bb5 O-O 17. Bxc6 bxc6 18. c4 dxc4 19. Qc5 Rab8 20. Rab1
Rfd8 21. Qxc4 Qa5 22. Red1 Qxe5 23. Rxd8+ Rxd8 24. Qxc6 Qxb2 25. Rc1 Qxa2 26.
h3 Qd5 27. Qa6 Qd4 28. Ra1 Rd7 29. g3 Kh7 30. Ra4 Qb6 31. Qe2 Qb1+ 32. Kh2 Qb7
33. Ra5 Rd5 34. Qf3 Qd7 35. Ra6 Qc7 36. Qe3 Rd7 37. h4 Qb7 38. Ra1 g6 39. Qe2
Rd5 40. Qf3 Kg7 41. Qc3+ Kg8 42. Qe3 a5 43. Qxh6 Qb2 44. Rf1 Qe2 45. Kg2 Qe4+
46. Kg1 Rh5 47. Qd2 Rd5 48. Qh6 Qf3 49. Qe3 Qxe3 50. fxe3 a4 51. Rf4 Ra5 52.
Rf2 a3 53. Ra2 Ra4 54. e4 Kf8 55. Kf2 Ke7 56. Kf3 f5 57. exf5 exf5 58. Ke3 Kd6
59. Kf3 Kc5 60. Ra1 a2 0-1

[Event "Sparkassen-Open A"]
[Site "Heusenstamm, Martinsee"]
[Date "2019.11.22"]
[Round "2.80"]
[White "Wuerl, Roland"]
[Black "Rabiya, Karim"]
[Result "1-0"]
[WhiteElo "1876"]
[BlackElo "1816"]
[PlyCount "123"]
[EventDate "2019.??.??"]
[WhiteTeam "SK Dieburg"]
[BlackTeam "SK Niederbrechen"]

1. d4 c5 2. d5 b5 3. e4 a6 4. a4 b4 5. Nf3 d6 6. Bd3 Bg4 7. Nbd2 Nd7 8. h3 Bh5
9. g4 Bg6 10. Qe2 Qc8 11. a5 e5 12. dxe6 fxe6 13. Bc4 Bf7 14. Ng5 Ne5 15. Ndf3
Nxc4 16. Nxf7 Kxf7 17. Ng5+ Ke7 18. Qxc4 Nf6 19. Be3 h6 20. Nf3 Qc6 21. Nd2 Kf7
22. O-O d5 23. Qe2 Bd6 24. exd5 exd5 25. Qf3 Rac8 26. Bf4 Rhe8 27. Rfe1 Qc7 28.
Bxd6 Qxd6 29. Nb3 Re5 30. Kg2 Rce8 31. Qf4 d4 32. Rxe5 Qxe5 33. Qf3 c4 34. Nd2
c3 35. bxc3 dxc3 36. Nc4 Qd5 37. Qxd5+ Nxd5 38. Nd6+ Ke7 39. Nxe8 Kxe8 40. Rb1
Kd7 41. Kf3 Kc6 42. Ke4 Kc5 43. f4 Ne7 44. g5 hxg5 45. fxg5 Kb5 46. Kd3 Nc6 47.
h4 Nxa5 48. h5 Nc4 49. h6 gxh6 50. gxh6 Ne5+ 51. Kd4 Nf3+ 52. Ke3 Ng5 53. Rf1
Ka4 54. Rf5 Nh7 55. Kd3 a5 56. Kc4 Nf6 57. Rxf6 Ka3 58. h7 a4 59. h8=Q b3 60.
Ra6 Kb2 61. cxb3 axb3 62. Qxc3+ 1-0

[Event "Sparkassen-Open A"]
[Site "Heusenstamm, Martinsee"]
[Date "2019.11.22"]
[Round "2.81"]
[White "Rutsatz, Mario"]
[Black "Atasoy, Tarik"]
[Result "0-1"]
[WhiteElo "1978"]
[BlackElo "1805"]
[PlyCount "74"]
[EventDate "2019.??.??"]
[WhiteTeam "SF Frankfurt"]
[BlackTeam "SV Letmathe"]

1. g3 e5 2. c4 Nf6 3. Bg2 Nc6 4. Nc3 d6 5. d3 Be7 6. e4 Nd4 7. h3 Be6 8. Nge2
c5 9. Nxd4 cxd4 10. Nd5 Nxd5 11. cxd5 Bd7 12. O-O f5 13. f4 fxe4 14. fxe5 e3
15. e6 Bb5 16. a4 Qa5 17. Bxe3 dxe3 18. axb5 Qxb5 19. Qf3 Bf6 20. Qxe3 Qxb2 21.
Kh1 Qxa1 22. Rxa1 Bxa1 23. Qf4 O-O-O 24. Qa4 Be5 25. Qxa7 Bxg3 26. e7 Rde8 27.
h4 Kc7 28. Bh3 Rxe7 29. Qa5+ Kb8 30. Kg2 Be5 31. Qb4 Rf7 32. Be6 Rf4 33. Qb6
Rhf8 34. Bd7 Rxh4 35. Bc6 Rh2+ 36. Kg1 Rb2 37. Bb5 Bh2+ 0-1

[Event "Sparkassen-Open A"]
[Site "Heusenstamm, Martinsee"]
[Date "2019.11.22"]
[Round "2.82"]
[White "Merges, Harald"]
[Black "Ermitsch, Magnus"]
[Result "0-1"]
[WhiteElo "1817"]
[BlackElo "1881"]
[PlyCount "44"]
[EventDate "2019.??.??"]
[WhiteTeam "SG Reil-Kinheim"]
[BlackTeam "Borussia Lichtenberg"]

1. e4 c5 2. c3 Nf6 3. e5 Nd5 4. d4 cxd4 5. Nf3 e6 6. cxd4 b6 7. Bd2 Bb7 8. Nc3
Nxc3 9. Bxc3 Na6 10. Bd3 Nb4 11. Bb1 Ba6 12. Be4 Rc8 13. a3 Nd5 14. Bxd5 exd5
15. Qa4 Bc4 16. Qxa7 Be7 17. Nd2 Bd3 18. Qb7 Rc6 19. a4 O-O 20. a5 bxa5 21.
Rxa5 Qxa5 22. Nb3 Qc7 0-1

[Event "Sparkassen-Open A"]
[Site "Heusenstamm, Martinsee"]
[Date "2019.11.22"]
[Round "2.83"]
[White "Schmidt, Max"]
[Black "Michels, Holger"]
[Result "1/2-1/2"]
[WhiteElo "1976"]
[BlackElo "1798"]
[PlyCount "26"]
[EventDate "2019.??.??"]
[WhiteTeam "Frankfurter TV"]
[BlackTeam "SC ML Kastellaun"]

1. e4 g6 2. d4 Bg7 3. Nc3 c5 4. Be3 Qa5 5. Nf3 Nf6 6. Qd2 Nc6 7. d5 Nb4 8. a3
Nxe4 9. Nxe4 Nxc2+ 10. Kd1 Qxd2+ 11. Nfxd2 Nxa1 12. Kc1 d6 13. Kb1 a6 1/2-1/2

[Event "Sparkassen-Open A"]
[Site "Heusenstamm, Martinsee"]
[Date "2019.11.22"]
[Round "2.84"]
[White "Emig, Nils"]
[Black "Kalepky, Helmut"]
[Result "1/2-1/2"]
[WhiteElo "1815"]
[BlackElo "1973"]
[PlyCount "91"]
[EventDate "2019.??.??"]
[WhiteTeam "SK Marburg"]
[BlackTeam "SF Heidesheim"]

1. e4 c5 2. Nf3 e6 3. d4 cxd4 4. Nxd4 a6 5. Nc3 b5 6. a3 Bb7 7. Bd3 Qc7 8. O-O
Nf6 9. Qe1 Bc5 10. Nb3 Ng4 11. g3 Ba7 12. Kg2 Ne5 13. Be3 Bxe3 14. Qxe3 d6 15.
Qe2 Nbd7 16. Rad1 Nc5 17. Bxb5+ Ke7 18. Nxc5 Qxc5 19. Bd3 g5 20. Qe3 Qxe3 21.
fxe3 h5 22. h3 h4 23. g4 Bc6 24. Ne2 a5 25. Nd4 Rab8 26. Nxc6+ Nxc6 27. b3 Rhc8
28. Rf2 Ne5 29. Kf1 Rc3 30. Rfd2 Rb6 31. Ke2 a4 32. bxa4 Rxa3 33. Bb5 Rc3 34.
Ra1 Nc4 35. Bxc4 Rxc4 36. Kd3 Rc5 37. Rdd1 Ra5 38. Ra3 Rb4 39. Rda1 d5 40. exd5
exd5 41. R3a2 Ke6 42. c3 Re4 43. Rb2 f5 44. Rb6+ Ke5 45. gxf5 Rexa4 46. Rf1
1/2-1/2

[Event "Sparkassen-Open A"]
[Site "Heusenstamm, Martinsee"]
[Date "2019.11.22"]
[Round "2.85"]
[White "Schubert, Nikita"]
[Black "Füssel, Jan Michael"]
[Result "1/2-1/2"]
[WhiteElo "1965"]
[BlackElo "1792"]
[PlyCount "109"]
[EventDate "2019.??.??"]
[WhiteTeam "ESV Gera"]
[BlackTeam "VSG Offenbach"]

1. d4 d5 2. c4 e6 3. Nf3 Nf6 4. g3 c6 5. Bg2 Bd6 6. O-O O-O 7. Qc2 Re8 8. Nbd2
Nbd7 9. e4 e5 10. cxd5 cxd5 11. exd5 Nxd5 12. Nc4 Qc7 13. dxe5 N5b6 14. exd6
Qxc4 15. Qxc4 Nxc4 16. Bf4 Nxb2 17. Nd4 Nd3 18. Bg5 h6 19. Be7 a6 20. Rab1 N3c5
21. Nb3 Rb8 22. Nxc5 Nxc5 23. Rfc1 Bf5 24. Rb6 Rec8 25. Rd1 Bd7 26. h4 g6 27.
Bf6 Be6 28. Bd4 Bxa2 29. Bxc5 Rxc5 30. Rxb7 Rd8 31. Bh3 Bd5 32. Rc7 Bf3 33.
Rxc5 Bxd1 34. d7 Kf8 35. Kf1 Ba4 36. Rc7 Ke7 37. Ra7 f5 38. g4 Bb5+ 39. Ke1
Rxd7 40. Ra8 fxg4 41. Bxg4 Rd6 42. h5 gxh5 43. Bxh5 Kf6 44. Rg8 a5 45. Bd1 Ke5
46. Be2 Bc6 47. Rg7 a4 48. Ra7 Rd4 49. Ra6 Kd6 50. Bb5 Kc5 51. Bxc6 Rd6 52.
Rxa4 Rxc6 53. Rh4 Kd5 54. Kd2 Ke5 55. Ke3 1/2-1/2

[Event "Sparkassen-Open A"]
[Site "Heusenstamm, Martinsee"]
[Date "2019.11.22"]
[Round "2.86"]
[White "Welsch, Roland"]
[Black "Zimmer, Gerald"]
[Result "1-0"]
[WhiteElo "1802"]
[BlackElo "1958"]
[PlyCount "123"]
[EventDate "2019.??.??"]
[WhiteTeam "SV Multatuli Ingelheim e.V."]
[BlackTeam "SC Bergen-Enkheim"]

1. d4 Nf6 2. Nf3 e6 3. e3 d5 4. Bd3 c5 5. c3 Nc6 6. Nbd2 Bd6 7. O-O O-O 8. Re1
e5 9. e4 Bg4 10. exd5 Nxd5 11. dxc5 Bxc5 12. Qc2 h6 13. h3 Bh5 14. b4 Bxb4 15.
cxb4 Ndxb4 16. Bh7+ Kh8 17. Qe4 g6 18. g4 f5 19. Qb1 e4 20. Ba3 a5 21. Nxe4
fxe4 22. Qxe4 Qf6 23. gxh5 Kxh7 24. Rab1 Qf5 25. hxg6+ Qxg6+ 26. Qxg6+ Kxg6 27.
Ne5+ Nxe5 28. Rxe5 Rf7 29. Re6+ Kh7 30. Bxb4 axb4 31. Rb2 Ra3 32. Re3 Rg7+ 33.
Kh2 Ra5 34. Reb3 Rag5 35. Rg3 Ra5 36. Rgb3 Rag5 37. Rg3 Ra5 38. Rxg7+ Kxg7 39.
Rxb4 Rxa2 40. Rxb7+ Kg6 41. Kg3 Kg5 42. Rb5+ Kg6 43. f4 Ra4 44. h4 Ra3+ 45. Kg4
Ra4 46. h5+ Kf6 47. Rb6+ Kg7 48. Rg6+ Kh7 49. Re6 Kg7 50. Kf5 Ra5+ 51. Re5 Ra6
52. Re7+ Kf8 53. Re6 Ra5+ 54. Kg6 Ra4 55. f5 Rf4 56. Ra6 Rf1 57. Kf6 Kg8 58.
Ra8+ Kh7 59. Ra7+ Kg8 60. Kg6 Kf8 61. f6 Rf2 62. Ra8# 1-0

[Event "Sparkassen-Open A"]
[Site "Heusenstamm, Martinsee"]
[Date "2019.11.22"]
[Round "2.87"]
[White "Lehmann, Tim"]
[Black "Kirchmann, Sascha"]
[Result "1-0"]
[WhiteElo "1955"]
[BlackElo "1708"]
[PlyCount "37"]
[EventDate "2019.??.??"]
[WhiteTeam "SV Lahn Limburg"]
[BlackTeam "SC Obertshausen"]

1. d4 d5 2. Bf4 Nf6 3. e3 e6 4. Nf3 Be7 5. Nbd2 O-O 6. Bd3 Nbd7 7. Ne5 Nxe5 8.
dxe5 Nd7 9. h4 Nc5 10. Bxh7+ Kxh7 11. Qh5+ Kg8 12. Nf3 f6 13. Ng5 fxg5 14. hxg5
Bxg5 15. Bxg5 Qd7 16. Rh3 Ne4 17. Qh7+ Kf7 18. Rf3+ Ke8 19. Qh5+ 1-0

[Event "Sparkassen-Open A"]
[Site "Heusenstamm, Martinsee"]
[Date "2019.11.22"]
[Round "2.88"]
[White "Schmitt, Clemens"]
[Black "Berkes, Alexander"]
[Result "0-1"]
[WhiteElo "1796"]
[BlackElo "1833"]
[PlyCount "56"]
[EventDate "2019.??.??"]
[WhiteTeam "SV Bergwinkel"]
[BlackTeam "SK Langen"]

1. c4 e5 2. g3 Nf6 3. Bg2 g6 4. Nc3 Bg7 5. e4 d6 6. Nge2 O-O 7. O-O Be6 8. d3
Qd7 9. f4 Nc6 10. Nd5 Bg4 11. h3 Bxh3 12. fxe5 Nxd5 13. e6 fxe6 14. Bxh3 Rxf1+
15. Qxf1 Rf8 16. Qxf8+ Kxf8 17. exd5 Nd4 18. Nf4 Qa4 19. Be3 Nc2 20. Nxe6+ Kg8
21. b3 Qa5 22. Ng5 Bxa1 23. Be6+ Kg7 24. Bf4 Qe1+ 25. Kh2 Ne3 26. Nf7 Qf2+ 27.
Kh3 Qg2+ 28. Kh4 Bf6+ 0-1

[Event "Sparkassen-Open A"]
[Site "Heusenstamm, Martinsee"]
[Date "2019.11.22"]
[Round "2.89"]
[White "Yue, Qizhou"]
[Black "Voss, Georg"]
[Result "1/2-1/2"]
[WhiteElo "1792"]
[BlackElo "1950"]
[PlyCount "145"]
[EventDate "2019.??.??"]
[WhiteTeam "SV Multatuli Ingelheim e.V."]
[BlackTeam "SV Schmallenberg"]

1. e4 d5 2. exd5 Qxd5 3. Nc3 Qd8 4. d4 g6 5. Bc4 Bg7 6. Nf3 Nf6 7. O-O O-O 8.
h3 c6 9. a4 a5 10. Re1 Na6 11. Qe2 Nb4 12. Bb3 e6 13. Bg5 h6 14. Bh4 b6 15. Ne4
Nbd5 16. Ne5 Nf4 17. Qe3 g5 18. Bg3 N4d5 19. Bxd5 Nxd5 20. Qf3 f5 21. Nc3 f4
22. Nxc6 Qd6 23. Nxd5 exd5 24. Ne7+ Kh8 25. Bh2 Bb7 26. Qd3 Ba6 27. Qa3 Rad8
28. c3 Qxa3 29. Rxa3 Rfe8 30. Raa1 Bf6 31. Nc6 Rc8 32. Ne5 Bxe5 33. Rxe5 Rxe5
34. dxe5 Kg7 35. g3 Rc4 36. gxf4 gxf4 37. Rd1 Rxa4 38. Rd4 Ra2 39. Bxf4 Rxb2
40. Rxd5 a4 41. Rd7+ Kg6 42. Ra7 Bb5 43. Be3 Kf5 44. Bd4 Bc6 45. Kh2 Rb3 46.
Rf7+ Ke6 47. Rf6+ Kd7 48. Rf7+ Ke6 49. Rf6+ Kd7 50. Rxh6 a3 51. Rh7+ Ke6 52.
Ra7 b5 53. Ra6 Kd5 54. e6 b4 55. e7 Bd7 56. Ra5+ Ke6 57. Bc5 bxc3 58. Rxa3 c2
59. Rxb3 c1=Q 60. Re3+ Kf7 61. Rf3+ Kg6 62. Ba3 Qd1 63. Rg3+ Kf7 64. Re3 Bc6
65. e8=Q+ Bxe8 66. Re7+ Kg6 67. Rxe8 Qf3 68. Rg8+ Kh7 69. Rg3 Qxf2+ 70. Rg2
Qf4+ 71. Rg3 Qf2+ 72. Rg2 Qf4+ 73. Rg3 1/2-1/2

[Event "Sparkassen-Open A"]
[Site "Heusenstamm, Martinsee"]
[Date "2019.11.22"]
[Round "2.90"]
[White "Wachsmann, Elmar"]
[Black "Krychevskiy, Dmytro"]
[Result "1-0"]
[WhiteElo "1777"]
[BlackElo "1947"]
[PlyCount "83"]
[EventDate "2019.??.??"]
[WhiteTeam "SC Groß-Umstadt"]
[BlackTeam "SV Oberursel"]

1. d4 g6 2. c4 Bg7 3. Nc3 d6 4. e4 Nd7 5. Nf3 e5 6. d5 a5 7. Be3 Ne7 8. Nd2 O-O
9. Be2 f5 10. f3 b6 11. O-O f4 12. Bf2 g5 13. a3 Ng6 14. Qc2 Nf6 15. b4 axb4
16. axb4 Rxa1 17. Rxa1 h5 18. Nb5 Bd7 19. c5 bxc5 20. bxc5 Bxb5 21. Bxb5 g4 22.
cxd6 cxd6 23. Qc6 Ne7 24. Qb7 Kh7 25. Ra7 Nfg8 26. Nc4 Kg6 27. Ra6 Nc8 28. Ra8
Qg5 29. Kh1 g3 30. Bg1 gxh2 31. Bf2 Nce7 32. Rxf8 Bxf8 33. Nxd6 Nf6 34. Bf1 h4
35. Qb8 Bg7 36. Nc4 Nh5 37. Qd6+ Bf6 38. Kxh2 Ng3 39. Bd3 Qh5 40. Qe6 Qg5 41.
d6 h3 42. dxe7 1-0

[Event "Sparkassen-Open A"]
[Site "Heusenstamm, Martinsee"]
[Date "2019.11.22"]
[Round "2.91"]
[White "Stumpf, Daniel"]
[Black "Midanka, Vladimir Josef"]
[Result "1-0"]
[WhiteElo "1947"]
[BlackElo "1775"]
[PlyCount "61"]
[EventDate "2019.??.??"]
[WhiteTeam "SW Lichtenrade"]
[BlackTeam "SC Brett vorm Kopp"]

1. c4 g6 2. Nc3 Bg7 3. g3 Nf6 4. Bg2 d6 5. d3 Nbd7 6. Nf3 c6 7. Rb1 O-O 8. O-O
Nc5 9. b4 Ne6 10. a4 d5 11. a5 Ng4 12. Qb3 d4 13. Na4 b5 14. axb6 axb6 15. h3
Nf6 16. Ne5 Bb7 17. Nxc6 Qc7 18. b5 Rfe8 19. Ba3 Nd8 20. c5 Nd7 21. Nxd8 Bxg2
22. Qxf7+ Kh8 23. Qxe8+ Nf8 24. cxb6 Qxd8 25. Qxd8 Rxd8 26. Kxg2 Ra8 27. b7 Rb8
28. Nc5 Be5 29. Rfc1 Kg7 30. Bb4 Bf6 31. Ra1 1-0

[Event "Sparkassen-Open A"]
[Site "Heusenstamm, Martinsee"]
[Date "2019.11.22"]
[Round "2.92"]
[White "Mueller, Thorsten"]
[Black "Euler, Gerd"]
[Result "0-1"]
[WhiteElo "2053"]
[BlackElo "2270"]
[PlyCount "60"]
[EventDate "2019.??.??"]
[WhiteTeam "VSG Offenbach"]
[BlackTeam "SSG Hungen-Lich"]

1. d4 d6 2. Nf3 g6 3. Bf4 Bg7 4. e3 Nd7 5. Bc4 e6 6. O-O a6 7. a4 Ne7 8. c3 h6
9. Nbd2 e5 10. Bg3 O-O 11. Qc2 Kh8 12. Rfd1 Qe8 13. e4 f5 14. exf5 gxf5 15.
dxe5 dxe5 16. Re1 f4 17. Bh4 Nf5 18. Bd3 Nc5 19. Nc4 e4 20. Bxe4 Qh5 21. g3 Be6
22. Ncd2 Rae8 23. h3 Nxe4 24. Rxe4 fxg3 25. fxg3 Nd6 26. Kg2 Qg6 27. Qd3 Nxe4
28. Nxe4 Bf5 29. Nfg5 Bxe4+ 30. Nxe4 Qxe4+ 0-1

[Event "Sparkassen-Open A"]
[Site "Heusenstamm, Martinsee"]
[Date "2019.11.22"]
[Round "2.93"]
[White "Tojcic, Josip"]
[Black "Valenta, Richard"]
[Result "0-1"]
[WhiteElo "1773"]
[BlackElo "1938"]
[PlyCount "89"]
[EventDate "2019.??.??"]
[WhiteTeam "Niederräder TG"]
[BlackTeam "SC Kevelaer"]

1. d4 g6 2. Bf4 Bg7 3. Nf3 d6 4. e3 c5 5. c3 b6 6. Bb5+ Bd7 7. Qa4 Nf6 8. Nbd2
O-O 9. Bxd7 Nbxd7 10. h3 Qc7 11. O-O a6 12. Rac1 Rfc8 13. Rfd1 b5 14. Qc2 Qb7
15. dxc5 Rxc5 16. Nb3 Rc7 17. Qe2 Rac8 18. Bh2 Ne4 19. Nfd2 Nec5 20. Nxc5 Nxc5
21. Nf3 Na4 22. Nd4 Qd5 23. Nb3 Qe6 24. Rd2 b4 25. Rdc2 bxc3 26. bxc3 Qc4 27.
Qe1 Nxc3 28. Kh1 Qa4 29. Bf4 Nd5 30. Rxc7 Rxc7 31. Rxc7 Nxc7 32. Qc1 Qd7 33. e4
Ne6 34. Be3 Qa4 35. Qc2 h5 36. f3 Kh7 37. Qe2 Be5 38. g4 h4 39. Nc1 Qb4 40. Nd3
Qb1+ 41. Kg2 Bd4 42. Bc1 Nc5 43. Qd2 Nxd3 44. Qh6+ Kg8 45. Qg5 0-1

[Event "Sparkassen-Open A"]
[Site "Heusenstamm, Martinsee"]
[Date "2019.11.22"]
[Round "2.94"]
[White "Modric, Vladimir"]
[Black "Nickel, Jonas"]
[Result "0-1"]
[WhiteElo "1930"]
[BlackElo "1765"]
[PlyCount "87"]
[EventDate "2019.??.??"]
[WhiteTeam "SC Nied"]
[BlackTeam "SV Büdingen-Ortenberg"]

1. e4 c5 2. d3 Nc6 3. f4 d5 4. e5 g6 5. Nf3 Bg7 6. Be2 Nh6 7. O-O O-O 8. c3 d4
9. Na3 f6 10. exf6 Bxf6 11. Bd2 Nf7 12. Nc4 Be6 13. cxd4 Nxd4 14. Bc3 Qd5 15.
Nxd4 cxd4 16. Be1 Qb5 17. a4 Qd7 18. Rc1 Rad8 19. b4 Bxc4 20. Rxc4 Nd6 21. Bg4
e6 22. Rc1 Nf5 23. Qb3 Rde8 24. Bxf5 gxf5 25. b5 Rc8 26. Bb4 Rfd8 27. Rce1 Kf7
28. Qd1 Rg8 29. Qh5+ Rg6 30. Rc1 Rcg8 31. Rf2 Kg7 32. Rfc2 Bd8 33. Bc5 Qd5 34.
Bb4 Kh8 35. Qe2 Rg4 36. Qe5+ Qxe5 37. fxe5 Bg5 38. Bd2 Be3+ 39. Bxe3 dxe3 40.
Rf1 Rd8 41. Rc7 Rxa4 42. Rxb7 Rxd3 43. Rc1 Rc4 44. Rc7 0-1

[Event "Sparkassen-Open A"]
[Site "Heusenstamm, Martinsee"]
[Date "2019.11.22"]
[Round "2.95"]
[White "Biot, Thomas"]
[Black "Ahrends, Norbert"]
[Result "0-1"]
[WhiteElo "1763"]
[BlackElo "1929"]
[PlyCount "53"]
[EventDate "2019.??.??"]
[WhiteTeam "CRELEL"]
[BlackTeam "SK Gernsheim"]

1. e4 c6 2. d4 d5 3. Nc3 dxe4 4. Nxe4 Bf5 5. Ng3 Bg6 6. Nf3 h6 7. Bd3 Bxd3 8.
Qxd3 e6 9. O-O Nf6 10. c4 Be7 11. a3 O-O 12. b4 a5 13. Bd2 axb4 14. axb4 Nbd7
15. Bc3 Qb6 16. Rfb1 Rfd8 17. b5 Qc7 18. Qe2 Rxa1 19. Bxa1 Ra8 20. bxc6 bxc6
21. d5 cxd5 22. cxd5 Nxd5 23. Nd4 N7f6 24. Nb5 Qb6 25. Qb2 Qa5 26. Ne4 Rb8 27.
Qe2 0-1

[Event "Sparkassen-Open A"]
[Site "Heusenstamm, Martinsee"]
[Date "2019.11.22"]
[Round "2.96"]
[White "Hoppstädter, Daniel"]
[Black "Hegel, Christoph"]
[Result "1-0"]
[WhiteElo "1757"]
[BlackElo "1928"]
[PlyCount "89"]
[EventDate "2019.??.??"]
[WhiteTeam "SC Illingen"]
[BlackTeam "Vorw.Orient Mainz"]

1. d4 Nf6 2. Nf3 g6 3. Nc3 d5 4. Bf4 Bg7 5. e3 O-O 6. Be2 c5 7. Ne5 Nc6 8. h4
cxd4 9. exd4 Qb6 10. Nxc6 bxc6 11. Na4 Qa5+ 12. c3 Nd7 13. b4 Qd8 14. Qd2 Re8
15. h5 e5 16. Bh6 Bh8 17. hxg6 fxg6 18. b5 exd4 19. cxd4 Nb6 20. Nxb6 Qxb6 21.
Be3 cxb5 22. Qb4 Bd7 23. O-O a5 24. Qb3 Bc6 25. Rac1 Bxd4 26. Rxc6 Qxc6 27.
Bxb5 Qe6 28. Bxd4 Red8 29. a4 Rac8 30. Bc3 Qb6 31. Rd1 Rxc3 32. Qxc3 d4 33.
Qc4+ Kg7 34. Rd3 h5 35. Qc6 Qb8 36. Rf3 Rd6 37. Qc4 Qb7 38. Qc5 Qe7 39. Bc4 Qd8
40. Qe5+ Kh6 41. Rf7 d3 42. Qe3+ Qg5 43. Rh7+ Kxh7 44. Qxg5 Rd7 45. Qb5 1-0

[Event "Sparkassen-Open A"]
[Site "Heusenstamm, Martinsee"]
[Date "2019.11.22"]
[Round "2.97"]
[White "Browning, Rebecca"]
[Black "Steinke, Hans-Jörg"]
[Result "1/2-1/2"]
[WhiteElo "1895"]
[BlackElo "1753"]
[PlyCount "146"]
[EventDate "2019.??.??"]
[WhiteTeam "MS Halver-Schalksmühle"]
[BlackTeam "SV Datteln"]

1. e4 e6 2. Nf3 d5 3. e5 c5 4. b4 cxb4 5. a3 Nc6 6. axb4 Bxb4 7. c3 Be7 8. d4
Bd7 9. Bd3 Rc8 10. h4 h6 11. Rh3 a6 12. Qd2 Na7 13. Qf4 Bb5 14. Bc2 Qc7 15. Ng1
Nc6 16. Ne2 Nb4 17. Na3 Nxc2+ 18. Nxc2 Qc4 19. Qd2 Qxe2+ 20. Qxe2 Bxe2 21. Kxe2
f6 22. Rb1 b5 23. Ra1 Rc6 24. Ba3 fxe5 25. dxe5 Bxa3 26. Rxa3 Ne7 27. Nb4 Rb6
28. Rxa6 Rxa6 29. Nxa6 Ng6 30. Rg3 Kf7 31. Nc7 Nxe5 32. Re3 Ng6 33. g3 Rb8 34.
Nxe6 b4 35. cxb4 Rxb4 36. Nc7 d4 37. Rf3+ Kg8 38. Rf5 Rb3 39. Nd5 d3+ 40. Kd2
Ra3 41. h5 Nh8 42. Ne7+ Kh7 43. Rf3 Ra7 44. Nc6 Rf7 45. Rxf7 Nxf7 46. Kxd3 g6
47. hxg6+ Kxg6 48. Ke4 Kf6 49. f4 h5 50. Ne5 Nd6+ 51. Kf3 Kf5 52. Nd3 Ne4 53.
Ne5 Nf6 54. Nc6 Ke6 55. Nd4+ Kf7 56. Kg2 Kg6 57. Kh3 Kh6 58. Kh4 Kg6 59. Ne6
Kf5 60. Nd4+ Kg6 61. f5+ Kh6 62. Ne6 Ne4 63. Nf4 Nf6 64. Nd3 Ne4 65. Ne5 Nf6
66. Nf7+ Kg7 67. Ne5 Kh6 68. Nc6 Ne4 69. Nb4 Nd6 70. f6 Kg6 71. Nd5 Nf5+ 72.
Kh3 Kf7 73. Kg2 Ke6 1/2-1/2

[Event "Sparkassen-Open A"]
[Site "Heusenstamm, Martinsee"]
[Date "2019.11.22"]
[Round "2.98"]
[White "Westhof, Benedikt"]
[Black "Loriguillo, Gregorio"]
[Result "0-1"]
[WhiteElo "1753"]
[BlackElo "1870"]
[PlyCount "110"]
[EventDate "2019.??.??"]
[WhiteTeam "SC Heusenstamm"]
[BlackTeam "SF Vonkeln"]

1. d4 Nf6 2. c4 e6 3. Nc3 d5 4. Bg5 Nbd7 5. e3 Be7 6. Nf3 O-O 7. Qc2 b6 8. cxd5
exd5 9. Be2 Bb7 10. O-O Ne4 11. Bf4 Bd6 12. Bxd6 Nxd6 13. Bd3 f5 14. Nb5 Nxb5
15. Bxb5 c6 16. Bd3 Qf6 17. b4 g5 18. g3 Rac8 19. Rac1 Rc7 20. Qa4 h5 21. h4
gxh4 22. Nxh4 f4 23. exf4 Qxd4 24. Qd1 Qg7 25. Nf5 Qh7 26. Nh4 Qh6 27. Bg6 Nf6
28. Qe2 Bc8 29. Qe5 Rg7 30. f5 Bd7 31. Rce1 Qg5 32. Qe3 Qxe3 33. Rxe3 Ne4 34.
f4 Rf6 35. Ra3 Bc8 36. Kh2 c5 37. bxc5 bxc5 38. Rb1 Rc7 39. Nf3 Bxf5 40. Rb8+
Kg7 41. Bxf5 Rxf5 42. Ne5 h4 43. gxh4 Rxf4 44. Rh3 Rf2+ 45. Kg1 Rxa2 46. h5 Kh7
47. h6 c4 48. Rf3 Ng5 49. Rg3 Ne6 50. Re8 Rb7 51. Kh1 Rb1+ 52. Rg1 Rxg1+ 53.
Kxg1 Nf4 54. Nf7 Ng6 55. Re3 Nh8 0-1

[Event "Sparkassen-Open A"]
[Site "Heusenstamm, Martinsee"]
[Date "2019.11.22"]
[Round "2.99"]
[White "Rüll, Michael"]
[Black "Stork, Christopher"]
[Result "1-0"]
[WhiteElo "1742"]
[BlackElo "1912"]
[PlyCount "59"]
[EventDate "2019.??.??"]
[WhiteTeam "SC Obertshausen"]
[BlackTeam "SV Oberursel"]

1. d4 Nf6 2. Bf4 g6 3. Nc3 d5 4. h4 h5 5. Nf3 Bg7 6. Nb5 Na6 7. e3 O-O 8. Ne5
c5 9. Nc3 cxd4 10. exd4 Bf5 11. Bd3 Bxd3 12. Nxd3 Rc8 13. Be5 Qa5 14. Qd2 Rfd8
15. O-O Qb6 16. Rfe1 e6 17. Re2 Nd7 18. Bxg7 Kxg7 19. Qe3 Rc4 20. Qg5 Rxd4 21.
Nf4 Kh7 22. Rxe6 fxe6 23. Qxg6+ Kh8 24. Nxe6 Rg4 25. Qxh5+ Kg8 26. Qxg4+ Kf7
27. Nxd8+ Qxd8 28. Qf5+ Nf6 29. Rd1 Nc7 30. Ne4 1-0

[Event "Sparkassen-Open A"]
[Site "Heusenstamm, Martinsee"]
[Date "2019.11.22"]
[Round "2.100"]
[White "Kolker, Vladislav"]
[Black "Wirth, Wolfram"]
[Result "1-0"]
[WhiteElo "1911"]
[BlackElo "1747"]
[PlyCount "87"]
[EventDate "2019.??.??"]
[WhiteTeam "SC Bad Nauheim"]
[BlackTeam "SK Gau-Algesheim"]

1. e4 c5 2. Nf3 d6 3. d4 cxd4 4. Nxd4 Nf6 5. Nc3 g6 6. Be3 Bg7 7. f3 O-O 8. Qd2
Nc6 9. O-O-O d5 10. Kb1 Nxd4 11. e5 Nf5 12. exf6 exf6 13. Bc5 d4 14. Bxf8 Qxf8
15. Nb5 Ne3 16. Re1 f5 17. Nxd4 Nd5 18. c3 Nb6 19. Bb5 Be6 20. Nxe6 fxe6 21.
Rxe6 Rd8 22. Qe2 Bh6 23. Re1 Bg5 24. a4 Qc5 25. Re8+ Rxe8 26. Qxe8+ Kg7 27.
Qe5+ Qxe5 28. Rxe5 a6 29. a5 Kf6 30. Rc5 Be3 31. Rc7 Nd5 32. Rd7 Ke6 33. Ba4 b5
34. axb6 Nxb6 35. Rd3 f4 36. Bb3+ Ke5 37. Bg8 h6 38. b4 g5 39. Kc2 Bf2 40. c4
Bd4 41. Kb3 Nd7 42. c5 Nf6 43. Bf7 Nd7 44. Kc4 1-0

[Event "Sparkassen-Open A"]
[Site "Heusenstamm, Martinsee"]
[Date "2019.11.22"]
[Round "2.101"]
[White "Cristino, Gregory"]
[Black "Thomas, Tobias"]
[Result "0-1"]
[WhiteElo "1717"]
[BlackElo "1907"]
[PlyCount "96"]
[EventDate "2019.??.??"]
[WhiteTeam "T.A.L."]
[BlackTeam "SK Langen"]

1. d4 Nf6 2. Nf3 g6 3. Bf4 d5 4. e3 c5 5. c3 Qb6 6. Qb3 c4 7. Qxb6 axb6 8. Nbd2
Nc6 9. b3 b5 10. Be2 Bg4 11. O-O Ne4 12. Rfe1 Nxc3 13. a4 Nxe2+ 14. Rxe2 c3 15.
Nf1 b4 16. Ng3 Bg7 17. Rea2 Bxf3 18. gxf3 O-O 19. Ne2 Rfc8 20. Kg2 e5 21. dxe5
Nxe5 22. Bxe5 Bxe5 23. f4 Bf6 24. Rc2 b5 25. a5 Ra6 26. Nc1 Bd8 27. Nd3 Rxa5
28. Rxa5 Bxa5 29. Ra2 Bc7 30. Nxb4 Bd6 31. Nc2 b4 32. Kf3 Kg7 33. Ke2 Kf6 34.
Ra6 Ke7 35. Kd3 Bc5 36. Ne1 Rc7 37. Kc2 Bd6 38. Rb6 Ra7 39. Nd3 Ra2+ 40. Kb1
Rd2 41. Nxb4 Bxb4 42. Rxb4 Rxf2 43. Rb7+ Ke6 44. Rb6+ Kf5 45. Rb7 Ke4 46. Re7+
Kd3 47. Rd7 Rf1+ 48. Ka2 c2 0-1